<?xml version="1.0" encoding="UTF-8"?><?xml-stylesheet type="text/xsl" href="static/style.xsl"?><OAI-PMH xmlns="http://www.openarchives.org/OAI/2.0/" xmlns:xsi="http://www.w3.org/2001/XMLSchema-instance" xsi:schemaLocation="http://www.openarchives.org/OAI/2.0/ http://www.openarchives.org/OAI/2.0/OAI-PMH.xsd"><responseDate>2026-06-01T18:56:48Z</responseDate><request verb="GetRecord" identifier="oai:riuma.uma.es:10630/19115" metadataPrefix="marc">https://riuma.uma.es/rest/oai/request</request><GetRecord><record><header><identifier>oai:riuma.uma.es:10630/19115</identifier><datestamp>2026-02-03T12:33:34Z</datestamp><setSpec>com_10630_2254</setSpec><setSpec>col_10630_37959</setSpec></header><metadata><record xmlns="http://www.loc.gov/MARC21/slim" xmlns:dcterms="http://purl.org/dc/terms/" xmlns:doc="http://www.lyncode.com/xoai" xmlns:xsi="http://www.w3.org/2001/XMLSchema-instance" xsi:schemaLocation="http://www.loc.gov/MARC21/slim http://www.loc.gov/standards/marcxml/schema/MARC21slim.xsd">
   <leader>00925njm 22002777a 4500</leader>
   <datafield ind2=" " ind1=" " tag="042">
      <subfield code="a">dc</subfield>
   </datafield>
   <datafield ind2=" " ind1=" " tag="720">
      <subfield code="a">Palma-Jiménez, Míriam</subfield>
      <subfield code="e">author</subfield>
   </datafield>
   <datafield ind2=" " ind1=" " tag="720">
      <subfield code="a">Cebrián-Robles, Daniel</subfield>
      <subfield code="e">author</subfield>
   </datafield>
   <datafield ind2=" " ind1=" " tag="720">
      <subfield code="a">Blanco López, Ángel</subfield>
      <subfield code="e">author</subfield>
   </datafield>
   <datafield ind2=" " ind1=" " tag="260">
      <subfield code="c">2020-01-07</subfield>
   </datafield>
   <datafield ind2=" " ind1=" " tag="520">
      <subfield code="a">La argumentación en la enseñanza de las ciencias es uno de los pilares fundamentales para el aprendizaje de la competencia científica. En este trabajo, con profesorado en formación inicial de Educación Infantil, se comparan dos recursos didácticos distintos que giraban en torno a la controversia sobre la decisión entre lactancia con leche materna o de fórmula. Los recursos utilizados fueron: CoAnnotation, como un instrumento de evaluación de respuestas en forma de anotaciones a un vídeo, y una rúbrica como instrumento de evaluación de respuestas a textos sobre la controversia. En ambas actividades el alumnado debía identificar los distintos elementos de los argumentos: pruebas, justificaciones y conclusiones que encontraban en formato vídeo y texto. Se pasó un cuestionario al alumnado para medir la satisfacción al utilizar ambos recursos didácticos. El 54,5% alumnado prefirió la actividad de CoAnnotation por ser más divertidas, frente al 36,4% que prefirió la rúbrica por permitir una mejor evaluación.</subfield>
   </datafield>
   <datafield ind1="8" ind2=" " tag="024">
      <subfield code="a">https://hdl.handle.net/10630/19115</subfield>
   </datafield>
   <datafield tag="653" ind2=" " ind1=" ">
      <subfield code="a">Educación infantil</subfield>
   </datafield>
   <datafield ind2="0" ind1="0" tag="245">
      <subfield code="a">PERCEPCIÓN DEL PROFESORADO EN FORMACIÓN INICIAL ENTRE DOS RECURSOS DIDÁCTICOS PARA ARGUMENTAR: COANNOTATION Y RÚBRICA</subfield>
   </datafield>
</record>
</metadata></record></GetRecord></OAI-PMH>